| 000 | 00603nam a2200241 a 4500 | ||
|---|---|---|---|
| 001 | nice12345678 | ||
| 003 | IN_TiNIC | ||
| 005 | 20260116011837.0 | ||
| 008 | 050524s1941 lona grp 000 0 eng | ||
| 020 |
_a _c100 |
||
| 082 | 0 | 0 |
_a201 _bMUR |
| 100 | _aMurray, A Victor | ||
| 245 | _aPersonal Experience and the Historic Faith | ||
| 260 |
_aLondon _bReligious Book Club _c1941 |
||
| 300 | _a304p | ||
| 500 | _aincludes index and biblioraphy | ||
| 505 | 2 | _aAppendix, Index | |
| 650 | _aPhilosophy-Theology | ||
| 700 | 1 | _aMurray, A Victor | |
| 902 | _bSRS | ||
| 942 | _cBK | ||
| 999 |
_c4378 _d4378 |
||